Love in the glade /

Saved in:
Bibliographic Details
Main Author: Brennan, Elizabeth
Format: Book
Language:English
Published: London : Hale, 1968.
LEADER 00742nam a2200217 a 4500
001 c000093789
003 CARM
005 00000000000000.0
008 940517s1968 enk 00011 eng d
019 1 |a 10892092  |5 LACONCORD2021 
020 |a 0709102445 
035 |a (OCoLC)30283061  |5 LACONCORD2021 
040 |a VLINC  |c VLINC 
100 1 |a Brennan, Elizabeth. 
245 1 0 |a Love in the glade /  |c by Elizabeth Brennan. 
260 |a London :  |b Hale,  |c 1968. 
300 |a 175 p. ;  |c 19 cm. 
852 8 |b CARM  |h A2:AO14A0  |i A01054  |p 0110229  |f BK 
082 0 4 |a 813.54  |2 20 
999 f f |i dc93c307-4e6f-51b4-a113-229c40ecefcc  |s d03576e7-d9bd-59fb-a448-aa72d820c99d 
952 f f |p Can circulate  |a CAVAL  |b CAVAL  |c CAVAL  |d CARM 1 Store  |e A01054  |f A2:AO14A0  |h Other scheme  |i book  |m 0110229